Generalidades del aprendizaje basado en problemas en la educación superior, especialmente en enfermería

En este artículo se realiza una aproximación a las generalidades de los criterios de rigor científico en el Aprendizaje Basado en Problemas (ABP). Para ello, se presenta una revisión literaria de lo que se viene estudiando hasta hoy sobre el APB en el marco de la educación superior y, en especial,...

Full description

Bibliographic Details
Main Author: Rosado, Singri
Format: Analitica de revista
Language:Spanish
Published: Temuco, Chile Universidad de la Frontera 2016
Subjects:

MARC

LEADER 00000cab a2200000 a 4500
001 041041
003 UAHC_CL
005 20190731064358.0
008 060526s2013 cl 000 spa
952 |0 0  |1 0  |2 ddc  |4 0  |6 REV___INV__EDUC_01_16_000000000000000  |7 0  |8 COMP  |9 88750  |a BC  |b BC  |c General  |d 2017-10-19  |l 0  |o REV. INV. EDUC.-01/16  |r 2017-10-19 00:00:00  |w 2017-10-19  |y REVA 
999 |c 49816  |d 49816 
040 |a UAHC_CL  |c UAHC_CL  |d UAHC_CL 
100 |a Rosado, Singri  |9 415 
245 1 0 |a Generalidades del aprendizaje basado en problemas en la educación superior, especialmente en enfermería   |c Singri Rosado. 
260 |b Universidad de la Frontera  |a Temuco, Chile  |c 2016 
300 |a pp. 31-49. 
500 |a En: Revista Investigación en Educación, vol. XVI, no. 1, 2016. pp. 31-49. ISSN: 07176147 
520 |a En este artículo se realiza una aproximación a las generalidades de los criterios de rigor científico en el Aprendizaje Basado en Problemas (ABP). Para ello, se presenta una revisión literaria de lo que se viene estudiando hasta hoy sobre el APB en el marco de la educación superior y, en especial, en la asignatura de semiología de enfermería.  
650 0 |a Educación superior  |9 416 
650 0 |a Semiología (Lingüística)  |9 1293 
900 |a REV. INV. EDUC.-01/16 
942 |c REVA  |2 ddc